X-teams : How to build teams that lead, innovate and succed

Bibliographic Details
Main Author: Ancona, Deborah G
Other Authors: Bresman, Henrik
Format: Book
Published: USA : Harvard Business School Press , 2007
Subjects:

MARC

LEADER 00000cam a2200000 7i4500
001 0000003817
005 20110713.0
020 0 0 |a 9781591396925 
090 0 0 |a 658.4022   |b DEB 2007 
100 1 0 |a Ancona, Deborah G 
245 1 0 |a X-teams :   |b How to build teams that lead, innovate and succed   |c Deborah Ancona & Henrik Bresman 
260 0 0 |a USA :   |b Harvard Business School Press ,   |c 2007 
300 |a xi, 260 p. ;   |c 24 cm. 
500 0 0 |a Included index 
650 0 0 |a Teams in the workplace---Management 
700 0 1 |a Bresman, Henrik 
998 |a JPSM 
999 |a 007424   |b Monograph   |c Open Shelf   |e Default branch